| 000 | 01090cam a2200313 a 4500 | ||
|---|---|---|---|
| 001 | 1584 | ||
| 005 | 20230907151059.0 | ||
| 020 | _a9780439672467 | ||
| 040 |
_aDLC _cDLC _dDLC _beng |
||
| 050 | 0 | 0 |
_aPZ7.D6475 _bIc 2003 |
| 082 | 0 | 0 |
_aFic _222 |
| 100 | 1 | _aD'Lacey, Chris. | |
| 245 | 1 | 0 |
_aIcefire / _cChris D'Lacey. |
| 250 | _a1st Scholastic pbk. ed. | ||
| 260 |
_aNew York : _bScholastic _c2003 |
||
| 300 |
_a421 pages : _billustrations _c20 cm |
||
| 500 | _aSequel to: A fire within. | ||
| 500 | _aSequel: Fire star. | ||
| 505 | _aR | ||
| 520 | _aWhile researching the existence of dragons for an essay that could win him a trip to the Arctic, Chris opens himself to the possibility that a great, ancient treasure exists there, guarded by bears, and that he has some role in its protection. | ||
| 521 |
_a690
_bLexile |
||
| 521 |
_aR
_bRaz-Plus |
||
| 650 | 1 |
_aSupernatural _vFiction. |
|
| 650 | 1 |
_aDragons _vFiction. |
|
| 650 | 1 |
_aBears _vFiction. |
|
| 650 | 1 |
_aBoardinghouses _vFiction. |
|
| 906 |
_a7 _bcbc _corignew _d1 _eocip _f20 _gy-gencatlg |
||
| 942 |
_2ddc _cBK _n0 |
||
| 999 |
_c1584 _d1584 |
||